000 01126cad a22002055a 4500
001 E150910
008 100914s2010 xxk f s000 0 eng d
020 _a9780755996117
035 _a(Sirsi) u150910
041 0 _aeng
110 2 _aScotland
_bScottish Government
_95344
245 0 0 _aRenewable energy
_bchanges to the Renewables Obligation (Scotland) Order 2010, statutory consultation
_h[electronic resource]
260 _aEdinburgh
_bScottish Government
_c2010
520 _aSeeks views on proposed changes to the Renewables Obligation (Scotland) Order 2010. Also invites comments on proposed changes to the coverage of enhanced bands for wave and tidal power, the continuation of support for biomass generation, and the ways in which the Scottish Government may give that support in future. Deadline for comments is 1 December 2010.
590 _aKA
651 4 _aScotland
_y1999-
690 _aENVIRONMENTAL AND LAND CONSULTANCY-ENERGY-ENERGY USE-ENERGY EFFICIENCY
856 4 0 _uhttps://www.scotland.gov.uk/Publications/2010/09/06152625/0
_zView the consultation free of charge at www.scotland.gov.uk
942 _n0
999 _c111016
_d111016